| 000 | 00430 a2200181 4500 | ||
|---|---|---|---|
| 999 |
_c12314 _d12314 |
||
| 003 | OSt | ||
| 005 | 20231117160248.0 | ||
| 008 | 231117b ||||| |||| 00| 0 eng d | ||
| 020 | _a9781568987927 | ||
| 040 | _aBMSCA | ||
| 041 | _aeng. | ||
| 082 |
_223 _a620.00 _b KRA |
||
| 100 | _a KRAWCZYK,ROBERT J | ||
| 245 | _aTHE COPYWRITING WORKBOOK | ||
| 260 |
_bPrinceton Architectural Press _c2008 |
||
| 300 | _a416p.: | ||
| 942 | _2ddc | ||